[Event "BRA-ch U20"]
[Site "Sao Paulo"]
[Date "2018.07.01"]
[Round "5"]
[White "Gomes, Emerson De Lima"]
[Black "Takano, Nicholas Ryo"]
[Result "0-1"]
[WhiteElo "1364"]
[BlackElo "1976"]
[PlyCount "84"]
[EventDate "2018.06.28"]
[EventType "swiss"]
[EventRounds "6"]
[EventCountry "BRA"]
[SourceTitle "EXT 2019"]
[Source "ChessBase"]
[SourceDate "2018.10.10"]
[SourceVersion "1"]
[SourceVersionDate "2018.10.10"]
[SourceQuality "1"]

1. c4 Nf6 2. Nf3 g6 3. g3 Bg7 4. Bg2 d6 5. d3 0-0 6. 0-0 e5 7. Nc3 Nc6 8. Rb1 a5 9. a3 Be6 10. b4 axb4 11. axb4 Ne7 12. Bd2 c6 13. c5 Ne8 14. cxd6 Nxd6 15. b5 cxb5 16. Nxb5 Bd5 17. Bc3 Nxb5 18. Rxb5 Bc6 19. Rb3 Ba4 20. Nd2 Nc6 21. Qb1 Bxb3 22. Qxb3 Rb8 23. Rb1 Nd4 24. Qd1 b5 25. Nb3 b4 26. Bd2 Qe7 27. Bd5 Rfd8 28. Bc4 e4 29. Nxd4 Bxd4 30. e3 Bc3 31. d4 Qc7 32. Bb3 Bxd2 33. Qxd2 Qc3 34. Qa2 Rd7 35. Kg2 Kg7 36. Rb2 Ra8 37. Qb1 Ra3 38. Qc2 f5 39. f3 Qxc2+ 40. Bxc2 Rxe3 41. fxe4 Rxd4 42. Kf2 Rc3 0-1

[Event "BRA-ch U20"]
[Site "Sao Paulo"]
[Date "2018.06.29"]
[Round "3"]
[White "Gomes, Emerson De Lima"]
[Black "Cerqueira, Paulo Victor Rapous"]
[Result "1-0"]
[WhiteElo "1364"]
[BlackElo "1510"]
[PlyCount "93"]
[EventDate "2018.06.28"]
[EventType "swiss"]
[EventRounds "6"]
[EventCountry "BRA"]
[SourceTitle "EXT 2019"]
[Source "ChessBase"]
[SourceDate "2018.10.10"]
[SourceVersion "1"]
[SourceVersionDate "2018.10.10"]
[SourceQuality "1"]

1. c4 g6 2. Nf3 Bg7 3. Nc3 f5 4. g3 Nc6 5. Bg2 Nh6 6. d4 Nf7 7. b3 d6 8. Bb2 Bd7 9. e4 e5 10. d5 Nb4 11. 0-0 a5 12. Ne1 0-0 13. a3 Na6 14. Nd3 fxe4 15. Nxe4 Ng5 16. Rc1 Nh3+ 17. Kh1 Qe7 18. b4 axb4 19. axb4 b6 20. c5 bxc5 21. bxc5 dxc5 22. Ndxc5 Nxc5 23. Rxc5 Ra4 24. Qc2 Ng5 25. Rxc7 Nxe4 26. Bxe4 Ra6 27. Qc4 Rd6 28. Ba3 Bb5 29. Rxe7 Bxc4 30. Bxd6 Bxf1 31. Bxe5 Bxe5 32. Rxe5 Rxf2 33. Kg1 Rf6 34. d6 Bh3 35. Bg2 Be6 36. Rxe6 Rxe6 37. Bd5 Kf7 38. d7 Ke7 39. d8Q+ Kxd8 40. Bxe6 Ke7 41. Bg4 h6 42. Kf2 Kf6 43. Kf3 Ke5 44. Bd7 Kd6 45. Be8 g5 46. Kg4 Ke7 47. Kh5 1-0

[Event "BRA-ch Amateur U1600"]
[Site "Sao Paulo"]
[Date "2017.10.15"]
[Round "7"]
[White "Artiga, Pedro Gabriel F Vil"]
[Black "Gomes, Emerson De Lima"]
[Result "1/2-1/2"]
[WhiteElo "1323"]
[BlackElo "1261"]
[PlyCount "40"]
[EventDate "2017.10.12"]
[EventType "swiss"]
[EventRounds "7"]
[EventCountry "BRA"]
[SourceTitle "EXT 2022"]
[Source "ChessBase"]
[SourceDate "2021.10.06"]
[SourceVersion "1"]
[SourceVersionDate "2021.10.06"]
[SourceQuality "1"]

1. e4 c6 2. d4 d5 3. Nc3 dxe4 4. Nxe4 Bf5 5. Nc3 Nf6 6. Nf3 e6 7. h3 Bd6 8. Bd3 Bxd3 9. Qxd3 Nbd7 10. a4 a5 11. Be3 Qc7 12. 0-0-0 0-0-0 13. Ng5 Nb6 14. Nge4 Nxe4 15. Qxe4 Bb4 16. Bf4 Qe7 17. Qe5 Bd6 18. Qe4 Bxf4+ 19. Qxf4 Nd5 20. Nxd5 Rxd5 1/2-1/2

[Event "BRA-ch Amateur U1600"]
[Site "Sao Paulo"]
[Date "2017.10.14"]
[Round "6"]
[White "Ishida, Leopoldo Tetsuo"]
[Black "Gomes, Emerson De Lima"]
[Result "1-0"]
[WhiteElo "1488"]
[BlackElo "1261"]
[PlyCount "33"]
[EventDate "2017.10.12"]
[EventType "swiss"]
[EventRounds "7"]
[EventCountry "BRA"]
[SourceTitle "EXT 2022"]
[Source "ChessBase"]
[SourceDate "2021.10.06"]
[SourceVersion "1"]
[SourceVersionDate "2021.10.06"]
[SourceQuality "1"]

1. d4 Nf6 2. Nf3 e6 3. Bf4 Nc6 4. e3 a6 5. c3 d5 6. Bd3 Be7 7. Nbd2 0-0 8. Qc2 h6 9. 0-0-0 b5 10. Kb1 Na5 11. g4 Bb7 12. g5 hxg5 13. Bxg5 g6 14. h4 Kg7 15. Rhg1 Nh5 16. Bxe7 Qxe7 17. Bxg6 1-0

[Event "BRA-ch Amateur U1600"]
[Site "Sao Paulo"]
[Date "2017.10.12"]
[Round "2"]
[White "Gomes, Emerson De Lima"]
[Black "Castro, Leonardo Nascimento"]
[Result "0-1"]
[WhiteElo "1261"]
[BlackElo "1599"]
[PlyCount "45"]
[EventDate "2017.10.12"]
[EventType "swiss"]
[EventRounds "7"]
[EventCountry "BRA"]
[SourceTitle "EXT 2022"]
[Source "ChessBase"]
[SourceDate "2021.10.06"]
[SourceVersion "1"]
[SourceVersionDate "2021.10.06"]
[SourceQuality "1"]

1. e4 c5 2. Nf3 e6 3. d4 cxd4 4. Nxd4 a6 5. Bd3 b5 6. e5 d6 7. Be4 Ra7 8. Bf4 Bb7 9. Nd2 Bxe4 10. Nxe4 dxe5 11. Bxe5 Qd5 12. Bxb8 Qxe4+ 13. Qe2 Qxd4 14. Bxa7 Qxa7 15. 0-0-0 Nf6 16. Rhe1 Bc5 17. f3 0-0 18. g4 Nd5 19. Kb1 Qc7 20. Rc1 Rc8 21. c4 Nf4 22. Qc2 b4 23. Qa4 0-1

[Event "Aldeia de Barueri op"]
[Site "Aldeia de Barueri"]
[Date "2017.08.06"]
[Round "6"]
[White "Fujita, Daniela Miwa"]
[Black "Gomes, Emerson De Lima"]
[Result "1/2-1/2"]
[WhiteElo "1554"]
[BlackElo "1243"]
[PlyCount "53"]
[EventDate "2017.08.04"]
[EventType "swiss"]
[EventRounds "6"]
[EventCountry "BRA"]
[SourceTitle "CBM 180 Extra"]
[Source "ChessBase"]
[SourceDate "2017.10.06"]
[SourceVersion "1"]
[SourceVersionDate "2017.10.06"]
[SourceQuality "1"]

1. e4 c6 2. Nc3 d5 3. exd5 cxd5 4. d4 Bf5 5. Nf3 a6 6. h3 Nf6 7. Be2 e6 8. 0-0 Bd6 9. Be3 0-0 10. Qd2 Nbd7 11. Nh4 Ne4 12. Nxe4 Bxe4 13. Nf3 Rc8 14. c3 Qc7 15. Rfe1 Nb6 16. Ng5 Bg6 17. Qc1 Nc4 18. Bxc4 Qxc4 19. Nf3 b5 20. Bf4 Qc7 21. Bxd6 Qxd6 22. Qd2 h6 23. Rac1 Rc7 24. Ne5 Bh7 25. Nd3 Bxd3 26. Qxd3 Rfc8 27. Qd2 1/2-1/2